Zdokonaľovanie materiálno-technickej základne OHJ PRIOR s ohľadom na technickú vybavenosť a využívanie základných prostriedkov - perspektívy ďalšieho rozvoja záverečná práca postgraduálneho štúdia

Gespeichert in:
Bibliographische Detailangaben
1. Verfasser: Galko, Boris
Körperschaft: Vysoká škola ekonomická v Bratislave
Weitere Verfasser: Strážovská, Helena
Format: Buch
Sprache:Slowakisch
Veröffentlicht: Bratislava 1987
Tags: Tag hinzufügen
Keine Tags, Fügen Sie das erste Tag hinzu!

MARC

LEADER 00000nam a2200000 4500
001 c024017
005 20260108080054.8
041 0 |a slo 
044 |a SK 
245 1 0 |a Zdokonaľovanie materiálno-technickej základne OHJ PRIOR s ohľadom na technickú vybavenosť a využívanie základných prostriedkov - perspektívy ďalšieho rozvoja  |b záverečná práca postgraduálneho štúdia  |c Boris Galko ; Ved. práce Elena Strážovská 
264 1 |a Bratislava  |c 1987 
300 |a 42 s. 
100 1 |a Galko, Boris 
700 1 |a Strážovská, Helena 
710 2 |a Vysoká škola ekonomická v Bratislave